Statistics for 2006 FIFA World Cup Results

Click here to take the quiz!

General Stats

  • This quiz has been taken 242 times
    (198 since last reset)
  • The average score is 26 of 32

Answer Stats

Nation % Correct
Germany
96%
Italy
96%
Argentina
96%
France
94%
Portugal
93%
Brazil
91%
England
91%
Spain
90%
Netherlands
88%
Mexico
87%
Australia
87%
Sweden
87%
United States
85%
Serbia & Montenegro
84%
Japan
82%
Ghana
81%
Ukraine
81%
South Korea
81%
Trinidad & Tobago
79%
Poland
79%
Ivory Coast
78%
Iran
78%
Switzerland
76%
Costa Rica
75%
Paraguay
75%
Ecuador
74%
Croatia
72%
Tunisia
69%
Saudi Arabia
66%
Czech Republic
65%
Angola
63%
Togo
60%

Score Distribution

Percentile by Number Answered

Percent of People with Each Score

Your Score History

You have not taken this quiz since the last reset